Canciones de HCL - Estadísticas

Estadísticas generales
  • Esta prueba ha sido intentada 2 veces
  • La puntuación promedio es 11 de 14
Estadísticas de respuestas
Hint Respuesta % Correcto
2 Conejito
100%
9 Con los original
100%
4 Delta
100%
14 Fortuna
100%
1 I Am Fuego
100%
5 Morena
100%
3 Periodica
100%
7 Urano
100%
8 Valkyria
100%
10 Victoria
100%
13 Aire
50%
11 En la habitación
50%
6 Amanecer
0%
12 La balanza de la plata
0%
No se encontraron pruebas coincidentes
Distribución de puntuación
Porcentaje de gente con cada puntuación
Porcentaje por número respondido
Historial de tus puntuaciones
No has intentado esta prueba.